El circo romano de Mérida (Record no. 181770)
[ view plain ]
| 000 -LEADER | |
|---|---|
| campo de control de longitud fija | 01145nam a2200265 i 4500 |
| 001 - NÚMERO DE CONTROL | |
| campo de control | 181770 |
| 003 - IDENTIFICADOR DE NÚMERO DE CONTROL | |
| campo de control | ES-MaACL |
| 005 - FECHA Y HORA DE LA ÚLTIMA TRANSACCIÓN | |
| campo de control | 20260217130543.0 |
| 008 - DATOS DE LONGITUD FIJA--INFORMACIÓN GENERAL | |
| campo de control de longitud fija | 130325s1925 sp f |||| | spa d |
| 080 ## - NÚMERO DE LA CLASIFICACIÓN DECIMAL UNIVERSAL | |
| Número de la Clasificación Decimal Universal | 725.826.032.7(460.253 Mérida) |
| 080 ## - NÚMERO DE LA CLASIFICACIÓN DECIMAL UNIVERSAL | |
| Número de la Clasificación Decimal Universal | 904(460.253 Mérida) |
| 100 1# - ENTRADA PRINCIPAL--NOMBRE DE PERSONA | |
| Nombre de persona | Mélida y Alinari, José Ramón, |
| Fechas asociadas al nombre | 1856-1933 |
| 9 (RLIN) | 79969 |
| 245 13 - MENCIÓN DEL TÍTULO | |
| Título | El circo romano de Mérida |
| Resto del título | : memoria de las excavaciones practicadas de 1920 a 1925 / |
| Mención de responsabilidad, etc. | por Don José Ramón Mélida. |
| 260 ## - PUBLICACIÓN, DISTRIBUCIÓN, ETC. | |
| Lugar de publicación, distribución, etc. | Madrid : |
| Nombre del editor, distribuidor, etc. | [s.n.], |
| Fecha de publicación, distribución, etc. | 1925 ( |
| Fabricante | Tip. de la "Revista de Arch., Bibl. y Mus.") |
| 300 ## - DESCRIPCIÓN FÍSICA | |
| Extensión | 8 p., III lám., 1 plano pleg. ; |
| Dimensiones | 24 cm. |
| 490 1# - MENCIÓN DE SERIE | |
| Mención de serie | Junta Superior de Excavaciones y Antigüedades ; |
| Designación de volumen o secuencia | n. 72 = n. 2, 1924-25 |
| 530 ## - NOTA DISPONIBLE DE FORMULARIO FÍSICO ADICIONAL | |
| Nota de formato físico adicional disponible | Disponible en formato digital. |
| 610 24 - PUNTO DE ACCESO ADICIONAL DE MATERIA--NOMBRE DE ENTIDAD CORPORATIVA | |
| Nombre de entidad corporativa o nombre de jurisdicción como elemento de entrada | Circo romano (Mérida) |
| 9 (RLIN) | 152514 |
| 651 ## - PUNTO DE ACCESO ADICIONAL DE MATERIA--NOMBRE GEOGRÁFICO | |
| Nombre geográfico | Mérida- |
| Subdivisión general | Restos arqueológicos. |
| 9 (RLIN) | 152465 |
| 830 0# - PUNTO DE ACCESO ADICIONAL DE SERIE-TÍTULO UNIFORME | |
| Título uniforme | Junta Superior de Excavaciones y Antigüedades ; |
| Designación de volumen o secuencia | n. 72 = n. 2, 1924-25 |
| 9 (RLIN) | 191570 |
| 852 ## - LOCALIZACIÓN | |
| Ubicación | ES-MaACL |
| Número de control de estantería | E-3374(2) |
| Ubicación en estantería | Depósito 2 |
| 856 4# - LOCALIZACIÓN Y ACCESO ELECTRÓNICOS | |
| Identificador Uniforme de Recursos | <a href="http://bdh-rd.bne.es/viewer.vm?id=0000253603&page=1 ">http://bdh-rd.bne.es/viewer.vm?id=0000253603&page=1 </a> |
| Texto de enlace | Biblioteca Digital Hispánica |
| 942 ## - ELEMENTOS DE ENTRADA SECUNDARIOS (KOHA) | |
| Fuente del sistema de clasificación o colocación | Clasificación decimal universal |
| Estatus retirado | Estado de pérdida | Estado de daño | No para préstamo | Colección | Biblioteca de origen | Biblioteca actual | Ubicación en estantería | Fecha de adquisición | Fuente de adquisición | Total de préstamos | Signatura topográfica completa | Código de barras | Visto por última vez | Precio de reemplazo | Tipo de ítem Koha |
|---|---|---|---|---|---|---|---|---|---|---|---|---|---|---|---|
| Colección digital | Biblioteca del Ateneo de Madrid | Biblioteca del Ateneo de Madrid | Depósito 2 | 25/03/2013 | E-3374(2) | 1191020 | 23/02/2023 | 23/02/2023 | Libro impreso |
